antimicrobial resistance of salmaonella from pork at siem reap's slaughterhouse ភាពសុាំនៃបាក់តេរីសាល់ម៉ណេឡាទល់នឺងឪសថអង់ទីប្យូទិចលើផ្ទាំងសាច់ជ្រូកនៅទីសត្តឃាតដ្ឋានក្នុងខេត្តសៀមរាម (Record no. 18554)
[ view plain ]
| 000 -LEADER | |
|---|---|
| fixed length control field | 00782nam a22001577a 4500 |
| 003 - CONTROL NUMBER IDENTIFIER | |
| control field | LRUA |
| 005 - DATE AND TIME OF LATEST TRANSACTION | |
| control field | 20191218143146.0 |
| 008 - FIXED-LENGTH DATA ELEMENTS--GENERAL INFORMATION | |
| fixed length control field | 191218b xxu||||| |||| 00| 0 eng d |
| 040 ## - CATALOGING SOURCE | |
| Transcribing agency | RUA |
| 082 ## - DEWEY DECIMAL CLASSIFICATION NUMBER | |
| Classification number | AVM SRE 2018 B654 Or.1 |
| 100 ## - MAIN ENTRY--PERSONAL NAME | |
| 9 (RLIN) | 14066 |
| Personal name | SRENG SOPHAMEY ស្រេង សុផាន់មុី |
| 245 ## - TITLE STATEMENT | |
| Title | antimicrobial resistance of salmaonella from pork at siem reap's slaughterhouse ភាពសុាំនៃបាក់តេរីសាល់ម៉ណេឡាទល់នឺងឪសថអង់ទីប្យូទិចលើផ្ទាំងសាច់ជ្រូកនៅទីសត្តឃាតដ្ឋានក្នុងខេត្តសៀមរាម |
| 260 ## - PUBLICATION, DISTRIBUTION, ETC. (IMPRINT) | |
| Place of publication, distribution, etc. | RUA |
| Name of publisher, distributor, etc. | Phnom penh |
| Date of publication, distribution, etc. | 2018 |
| 300 ## - PHYSICAL DESCRIPTION | |
| Extent | ix;38p |
| Other physical details | ill; |
| Dimensions | 29cm |
| 942 ## - ADDED ENTRY ELEMENTS (KOHA) | |
| Source of classification or shelving scheme | |
| Koha item type | AVM |
| Price effective from | Date last seen | Permanent Location | Not for loan | Date acquired | Source of classification or shelving scheme | Koha item type | Lost status | Withdrawn status | Date last checked out | Total Checkouts | Shelving location | Damaged status | Barcode | Current Location | Full call number |
|---|---|---|---|---|---|---|---|---|---|---|---|---|---|---|---|
| 2019-12-18 | 2022-10-25 | Library Block B | 2019-12-18 | AVM | 2022-10-10 | 15 | B654 | A42177 | Library Block B | AVM SRE 2018 B654 Or.1 | |||||
| 2019-12-18 | 2022-10-31 | Library Block B | 2019-12-18 | AVM | 2022-10-11 | 7 | B654 | A43971 | Library Block B | AVM SRE 2018 B654 Or. 2 | |||||
| 2019-12-18 | 2022-10-21 | Library Block B | 2019-12-18 | AVM | 2022-08-23 | 13 | B654 | A42202 | Library Block B | AVM SRE 2018 B654 Or.3 | |||||
| 2019-12-18 | 2022-07-25 | Library Block B | 2019-12-18 | AVM | 2022-07-15 | 3 | B654 | A42531 | Library Block B | AVM SRE 2018 B654 Or.4 | |||||
| 2019-12-18 | 2024-01-10 | Library Block B | 2019-12-18 | AVM | 2023-12-22 | 9 | B654 | A42501 | Library Block B | AVM SRE 2018 B654 Or.5 | |||||
| 2019-12-18 | 2019-12-18 | Library Block B | 2019-12-18 | AVM | B654 | Library Block B | AVM SRE 2018 B654 Or.1 |